Pick a circle, gather squares : a fall harvest of ... Read More
Available copies
- 2 of 2 copies available at LARL/NWRL Consortium.
Current holds
0 current holds with 2 total copies.
Show Only Available Copies
| Location | Call Number / Copy Notes | Barcode | Shelving Location | Status | Due Date |
|---|---|---|---|---|---|
| Hallock Public Library | e CHE (Text) | 35500005210370 | Main | Available | - |
| Thief River Falls Public Library | e CHE (Text) | 35500005210362 | Main | Available | - |
Record details
- ISBN: 9780807565384
- ISBN: 0807565385
- Physical Description: 1 v. (unpaged) : col. ill. ; 27 cm.
- Publisher: Chicago, IL : Albert Whitman & Company, c2013.
Content descriptions
| Summary, etc.: | "Fall is here, with all its wonderful visual ... Read More |
Search for related items by subject
| Subject: | Stories in rhyme > Juvenile fiction. Shapes > Juvenile fiction. Farm life > Juvenile fiction. Autumn > Juvenile fiction. |
| LDR | 02031cam a2200373 a 4500 | ||
|---|---|---|---|
| 001 | 155949 | ||
| 003 | LARL_NWRL_CONSORTIUM | ||
| 005 | 20131001095711.0 | ||
| 008 | 130227s2013 ilua j 000 1 eng | ||
| 010 | . | ‡a2013005186 | |
| 020 | . | ‡a9780807565384 | |
| 020 | . | ‡a0807565385 | |
| 035 | . | ‡a(OCoLC)829239449 | |
| 040 | . | ‡aDLC ‡beng ‡cDLC ‡dIG# ‡dYDXCP ‡dOCLCO ‡dBDX ‡dZGX ‡dVIA ‡dOCLCO | |
| 050 | 0 | 0. | ‡aPZ8.3.C4256 ‡bPic 2013 |
| 082 | 0 | 0. | ‡a[E] |
| 100 | 1 | . | ‡aChernesky, Felicia Sanzari. ‡0(LARL_NWRL_CONSORTIUM)221329 |
| 245 | 1 | 0. | ‡aPick a circle, gather squares : ‡ba fall harvest of shapes / ‡cFelicia Sanzari Chernesky ; illustrated by Susan Swan. |
| 260 | . | ‡aChicago, IL : ‡bAlbert Whitman & Company, ‡cc2013. | |
| 300 | . | ‡a1 v. (unpaged) : ‡bcol. ill. ; ‡c27 cm. | |
| 520 | . | ‡a"Fall is here, with all its wonderful visual delights--not just colors, but shapes! This clever concept book follows a family on a trip to a pumpkin patch and invites children to pick out shapes from the seasonal scenery--apple bushel circles, square hay bales, diamond kites in the autumn sky! Felicia Sanzari Chernesky's sweet verses are perfectly complemented by Susan Swan's gorgeous collage-inspired art."--Publisher description. | |
| 650 | 0. | ‡aStories in rhyme ‡vJuvenile fiction. | |
| 650 | 0. | ‡aShapes ‡vJuvenile fiction. | |
| 650 | 0. | ‡aFarm life ‡vJuvenile fiction. ‡0(LARL_NWRL_CONSORTIUM)169360 | |
| 650 | 0. | ‡aAutumn ‡vJuvenile fiction. | |
| 700 | 1 | . | ‡aSwan, Susan, ‡d1944- ‡eillustrator. ‡0(LARL_NWRL_CONSORTIUM)62131 |
| 948 | . | ‡hNO HOLDINGS IN LAL - 172 OTHER HOLDINGS | |
| 994 | . | ‡aZ0 ‡bLAL | |
| 901 | . | ‡a155949 ‡bOCLC ‡c155949 ‡tbiblio | |

Add to basket
Permalink
Enable Highlighting